000 01576nam a22002297a 4500
003 OSt
005 20220317111325.0
008 120612t xxu||||| |||| 00| 0 eng d
020 _a9780071310703
040 _cLC
050 _aHG4026.C79
245 _aCore principles and applications of corporate finance . /
_cStephen A. Ross ...[et al.]
250 _a3rd ed.
260 _aBoston:
_bMcGraw-Hill,
_c2011.
300 _a752 p.:
_bill.;
500 _aIncludes index.
505 _aContents: Introduction to corporate finance -- Financial statements and cash flow -- Financial statements analysis and financial models -- Valuation and capital budgeting: Discounted cash flow valuation -- Interest rates and bond valuation -- Stock valuation -- Net present value and other investment rules -- Making capital investment decisions -- Risk analysis, real options and capital budgeting -- Risk and return: Risk and return lessons from market history -- Return and risk: the capital asset pricing model -- Risk, cost of capital and capital budgeting -- Capital structure and dividend policy: Efficient capital markets and behavioral challenges -- Capital structure; basic concepts -- Capital structure; limits to the use of debt -- Dividends and other payouts -- Special topics: Options and corporate finance -- Short-term finance and planning -- Raising capital -- International corporate finance -- Mergers and acquisitions -- Appendixes.
650 _aCorporations
_xFinance
650 _aBusiness enterprises
_xFinance.
700 _aRoss, Stephen A.
942 _2lcc
_cBK
999 _c7471
_d14971